| 000 | 00534nam a2200193Ia 4500 | ||
|---|---|---|---|
| 005 | 20250508150909.0 | ||
| 008 | 008 250505s9999 xx 000 0 eng d | ||
| 037 | _aTextual | ||
| 040 |
_aFEDL _beng _cFEDL |
||
| 041 |
_aeng _2eng |
||
| 084 |
_a310, COC _qFEDL |
||
| 100 | _aCochran William G. | ||
| 245 | 0 | _aExperimental designs | |
| 260 |
_aNew York, USA _bJohn Wiley and Sons _c1950 |
||
| 300 | _aix,454p. | ||
| 490 | _aWiley Publications in Statistics | ||
| 942 |
_cTEXL _h310, COC |
||
| 999 |
_c1326356 _d1326356 |
||